000 00953nas a2200313 4500
001 BR0906370
003 BR-BrBNA
005 20231205113514.0
007 ta
008 230509b bl.|||p| |||| 00| 00por d
040 _aBR-BrBNA
_bpor
_cBiblioteca Nacional de Agricultura
041 _a(Pt)
072 _aF61
100 1 _aVichiato, M.
100 1 _aCarvalho, J.G. de
100 1 _aVichiato, M.R. de M.
100 1 _aSilva, C.R. de R. e
245 1 _aInterações fósforo-magnésio em mudas de mamoeiros Tainung n. 1 e Improved Sunrise Solo 7212
650 _aMAMÃO
650 _aFOSFORO
650 _aMAGNESIO
650 _aMUDA
650 _aANTAGONISMO
650 _aNUTRIÇÃO MINERAL
773 0 _tCiência e Agrotecnologia (Brazil)
_xISSN 1413-7054
_g(Sep-Oct 2009), v. 33(5) p. 1265-1271
_wBR0906370
856 4 0 _uhttp://www.aprh.pt/rgci-155_Borges.pdf
909 _a202311
_bLúcia
_c55
_dLúcia Elande
942 _2AGRIS
_n0
_cANA
999 _c204143
_d204143